[Event "DRUZYNOWE MISTRZOSTWA POLSKI JUNIOROW - II LIGA"]
[Site "Szczyrk, CKiR Orle Gniazdo ul. Wrzosowa 28a"]
[Date "2014-08-01"]
[Round "10.1"]
[White "Tomaszewski, Kacper"]
[Black "Ogonowski, Jakub"]
[Result "1-0"]
[WhiteTitle "I++"]
[BlackTitle "I+"]
[WhiteElo "2012"]
[BlackElo "1853"]

1. d4 Nf6 2. c4 g6 3. Nc3 Bg7 4. e4 d6 5. Be2 O-O 6. Nf3 e5 7. O-O Nc6 8. d5 Ne7
9. b4 Nh5 10. g3 f5 11. Ng5 Nf6 12. f3 a5 13. bxa5 Rxa5 14. Be3 b6 15. Qb3 fxe4
16. fxe4 h6 17. Ne6 Bxe6 18. dxe6 Qa8 19. Nb5 Ne8 20. Rf7 Rxf7 21. exf7+ Kxf7
22. c5+ d5 23. cxb6 cxb6 24. exd5 Nxd5 25. Bc4 Nef6 26. Rd1 Ke7 27. Bxb6 Nxb6
28. Qb4+ 1-0

[Event "DRUZYNOWE MISTRZOSTWA POLSKI JUNIOROW - II LIGA"]
[Site "Szczyrk, CKiR Orle Gniazdo ul. Wrzosowa 28a"]
[Date "2014-08-01"]
[Round "10.2"]
[White "Jarzebowski, Kacper"]
[Black "Maj, Kornel"]
[Result "0-1"]
[WhiteTitle "II+"]
[BlackTitle "II"]
[WhiteElo "1548"]
[BlackElo "1907"]

1. e4 c5 2. Nf3 d6 3. d4 cxd4 4. Nxd4 Nf6 5. Nc3 Nc6 6. Be3 Ng4 7. Bg5 h6 8. Bh4
g5 9. Be2 Nge5 10. Bg3 Bg7 11. Nb3 Be6 12. O-O Rc8 13. Kh1 Nc4 14. Rb1 Nxb2 15.
Rxb2 Bxc3 16. Rb1 a5 17. Bb5 Kf8 18. f4 f6 19. Qc1 Kg7 20. Rf3 Na7 21. Bd3 a4
22. Nd2 Qc7 23. fxg5 hxg5 24. e5 dxe5 25. Ne4 g4 26. Rf1 Bd4 27. Rb4 Qd7 28. Rxd4
exd4 29. Be5 Rh5 30. Rxf6 exf6 31. Nxf6 Rxe5 32. Nxd7 Bxd7 33. h3 Nc6 34. Qf4
Rf8 35. Qg3 Rfe8 36. Qh4 Rh8 37. Qg3 Kf6 38. Qf4+ Ke7 39. Qf2 gxh3 40. Qg3 hxg2+
41. Kxg2 Kd8 42. Qf4 Rg8+ 43. Kf2 Rge8 44. Kg2 Kc8 45. a3 Rg8+ 46. Kf2 Ree8 47.
Qd6 Rgf8+ 48. Kg2 Re7 49. Qh6 Ref7 50. Kg1 Rg8+ 51. Kh1 Rfg7 52. Be4 Rg3 53. Bg2
Rxg2 54. Qd6 Rg1+ 55. Kh2 R8g2# 0-1

[Event "DRUZYNOWE MISTRZOSTWA POLSKI JUNIOROW - II LIGA"]
[Site "Szczyrk, CKiR Orle Gniazdo ul. Wrzosowa 28a"]
[Date "2014-08-01"]
[Round "10.3"]
[White "Bilczewski, Kacper"]
[Black "Baum, Jonasz"]
[Result "0-1"]
[WhiteTitle "I"]
[BlackTitle "II+"]
[WhiteElo "1834"]
[BlackElo "1632"]

1. e4 c5 2. c3 Nf6 3. e5 Nd5 4. d4 cxd4 5. cxd4 d6 6. Nf3 Nc6 7. Bc4 Nb6 8. Bb5
dxe5 9. Nxe5 Bd7 10. Nxd7 Qxd7 11. Nc3 e6 12. O-O Be7 13. Qg4 O-O 14. Bxc6 bxc6
15. Bh6 Bf6 16. Rfd1 Kh8 17. Ne4 Qe7 18. Bg5 Bxg5 19. Nxg5 h6 20. Nf3 Rac8 21.
Rac1 Qd6 22. Qh5 Qd5 23. Ne5 Kg8 24. b3 Nd7 25. Qe2 Nxe5 26. dxe5 Qa5 27. h3 Qb5
28. Qe4 c5 29. Rc4 Rc7 30. Qe3 Rfc8 31. Rdc1 Qa5 32. Ra4 Qb6 33. Rg4 Kh8 34. Rcc4
Rd8 35. Qg3 Rg8 36. Rh4 Rd7 37. Qe3 Kh7 38. Rh5 Rd4 39. Rh4 Rgd8 40. Rf4 Rxc4
41. Rxc4 Rd4 42. Qc1 Rxc4 43. Qxc4 Qa5 44. Qc2+ Kg8 45. Kf1 Qb5+ 46. Ke1 Qb4+
47. Ke2 Qd4 48. f4 Qd5 49. Ke3 g5 50. g3 gxf4+ 51. gxf4 Qh1 52. h4 Qh3+ 53. Ke2
Qg2+ 54. Kd3 Qf3+ 55. Kc4 Qxf4+ 56. Kxc5 Qxe5+ 57. Kc6 f5 58. Kd7 Kf7 59. a4 Qd4+
60. Kc8 Qxh4 61. Qc7+ Qe7 62. Qf4 h5 63. b4 h4 64. a5 Kg6 65. a6 e5 66. Qc4 h3
67. b5 h2 68. Qf1 Qg5 69. b6 Qg1 70. Qxg1+ hxg1=Q 71. b7 Qc5+ 72. Kb8 Qb6 73.
Ka8 Qxa6 74. b8=Q Qc6+ 75. Kxa7 Qa4+ 0-1

[Event "DRUZYNOWE MISTRZOSTWA POLSKI JUNIOROW - II LIGA"]
[Site "Szczyrk, CKiR Orle Gniazdo ul. Wrzosowa 28a"]
[Date "2014-08-01"]
[Round "10.5"]
[White "Stebel, Agata"]
[Black "Reda, Lucja"]
[Result "1-0"]
[WhiteTitle "I"]
[BlackTitle "II"]
[WhiteElo "1616"]
[BlackElo "1244"]

1. e4 e5 2. Nf3 Nc6 3. Bc4 Bc5 4. O-O d6 5. c3 Bg4 6. Qb3 Qd7 7. Bxf7+ Qxf7 8.
Qxb7 Rb8 9. Qxc6+ Qd7 10. Qxd7+ Kxd7 11. d3 Nf6 12. b4 Bb6 13. Be3 Ra8 14. Nbd2
h6 15. a4 c6 16. Bxb6 axb6 17. Nc4 Kc7 18. Rfb1 Nd7 19. d4 Be6 20. Ne3 exd4 21.
Nxd4 Bf7 22. Nef5 Rae8 23. f3 g6 24. Ng3 Ne5 25. a5 b5 26. Rd1 Nc4 27. f4 Rhf8
28. Re1 g5 29. fxg5 hxg5 30. Nf3 g4 31. Nd4 Bg6 32. Re2 Re5 33. Rae1 Rfe8 34.
Nb3 R5e6 35. Nc1 Ne5 36. Nf5 Bxf5 37. exf5 Rf6 38. Nd3 Rxf5 39. Nxe5 Rfxe5 40.
Rxe5 Rxe5 41. Rxe5 dxe5 42. Kf2 Kb7 43. Ke3 1-0

[Event "DRUZYNOWE MISTRZOSTWA POLSKI JUNIOROW - II LIGA"]
[Site "Szczyrk, CKiR Orle Gniazdo ul. Wrzosowa 28a"]
[Date "2014-08-01"]
[Round "10.6"]
[White "Tarka, Aleksandra"]
[Black "Robakowska, Paulina"]
[Result "1-0"]
[WhiteTitle "I"]
[BlackTitle "II"]
[WhiteElo "1352"]
[BlackElo "1274"]

1. e4 e6 2. Nf3 d5 3. Nc3 Nf6 4. e5 Nfd7 5. d4 c5 6. dxc5 Bxc5 7. Bf4 Qb6 8. Qd2
a6 9. Rb1 O-O 10. Bd3 Nc6 11. O-O Qc7 12. Qe2 Bb4 13. Bxh7+ Kh8 14. Bd3 f6 15.
Nh4 Kg8 16. Ng6 Nd4 17. Qh5 Re8 18. exf6 Nxf6 19. Qh8+ Kf7 20. Qxe8+ Nxe8 21.
Bxc7 Nxc7 22. Ne5+ Kf6 23. f4 Bc5 24. Kh1 b5 25. Ne2 Nf5 26. Bxf5 exf5 27. Ng3
g6 28. Rbe1 Be6 29. c3 Rh8 30. Re2 Bd6 31. Rfe1 g5 32. fxg5+ Kxg5 33. Nf3+ Kf6
34. Nf1 f4 35. N1d2 Bg4 36. h3 Bh5 37. Rf2 Bg6 38. Nd4 Kf7 39. N2f3 Kf6 40. Nd2
Bh5 41. Rff1 Bf7 42. b3 Ne8 43. Nc6 Ng7 44. Nf3 Nh5 45. Kh2 Kg7 46. Nce5 Be8 47.
Nd4 Kf6 48. Nef3 Bd7 49. Ne2 Ng7 50. Kg1 Nh5 51. Nfd4 Kg5 52. Rf3 Re8 53. Kf2
Kg6 54. Nc1 Be7 55. Kg1 Kf7 56. Nd3 Rg8 57. Nxf4 Nxf4 58. Rxf4+ Ke8 59. Nf5 Bxf5
60. Rxf5 Rg7 61. Rxd5 Kf8 62. Re6 b4 63. cxb4 Bxb4 64. Rxa6 Rc7 65. g4 Rc1+ 66.
Kg2 Rc2+ 67. Kf3 Bd2 68. Ke4 Rc3 69. Rxd2 Rxh3 70. Rd7 1-0

[Event "DRUZYNOWE MISTRZOSTWA POLSKI JUNIOROW - II LIGA"]
[Site "Szczyrk, CKiR Orle Gniazdo ul. Wrzosowa 28a"]
[Date "2014-08-01"]
[Round "10.7"]
[White "Tomczak, Mikolaj"]
[Black "Ulanowski, Karol"]
[Result "1/2-1/2"]
[WhiteTitle "k"]
[BlackTitle "k"]
[WhiteElo "2158"]
[BlackElo "2124"]

1. d4 Nf6 2. c4 g6 3. Nc3 Bg7 4. e4 d6 5. Nf3 O-O 6. Be2 Na6 7. O-O e5 8. Be3 Ng4
9. Bg5 Qe8 10. dxe5 dxe5 11. h3 Nf6 12. Qc2 Nb4 13. Qd2 a5 14. Rfd1 b6 15. a3
Na6 16. Qc2 Bb7 17. Nd5 Qe6 18. Nd2 h5 19. b4 axb4 20. axb4 Rfc8 21. Qc3 c5 22.
b5 Nc7 23. Rxa8 Bxa8 24. Ra1 Bxd5 25. cxd5 Qd7 26. Bxf6 Bxf6 27. Nc4 Nxb5 28.
Qg3 Rb8 29. Bxh5 Bg7 30. Bg4 Qc7 31. h4 Nd4 32. h5 b5 33. Ne3 Qd6 34. Ra7 c4 35.
Rxf7 Kxf7 36. Be6+ Kf8 37. Qxg6 Qe7 38. h6 Qf6 39. Qh7 Nxe6 40. hxg7+ Qxg7 41.
Qf5+ Qf7 42. Qxe5 Rb6 43. dxe6 Qxe6 44. Qh8+ Kf7 45. Nd5 Qh6 46. Qe5 Qc1+ 47.
Kh2 Qh6+ 48. Kg1 Qc1+ 49. Kh2 Rh6+ 50. Kg3 Qa3+ 51. Kg4 Qd6 52. Qf5+ Kg7 53. Nf4
b4 54. e5 Rg6+ 55. Kh3 Rh6+ 56. Kg4 Rg6+ 57. Kh3 Rh6+ 58. Kg4 Rg6+ 59. Kf3 Qd1+
60. Ke3 Qc1+ 61. Kd4 Qd2+ 62. Kc5 Qxf2+ 63. Kd5 Qd2+ 64. Kc5 Qe3+ 65. Kd5 Qd2+
66. Kc5 Qe3+ 67. Kd5 Qd2+ 1/2-1/2

[Event "DRUZYNOWE MISTRZOSTWA POLSKI JUNIOROW - II LIGA"]
[Site "Szczyrk, CKiR Orle Gniazdo ul. Wrzosowa 28a"]
[Date "2014-08-01"]
[Round "10.8"]
[White "Wyczling, Bartosz"]
[Black "Pilzak, Marcin"]
[Result "0-1"]
[WhiteTitle "I"]
[BlackTitle "I++"]
[WhiteElo "1766"]
[BlackElo "1974"]

1. d4 Nf6 2. c4 e6 3. Nc3 Bb4 4. Qc2 O-O 5. a3 Bxc3+ 6. Qxc3 b6 7. Bg5 Bb7 8. e3
d6 9. Ne2 Nbd7 10. Qd3 h6 11. Bh4 e5 12. d5 Nc5 13. Qc2 a5 14. Nc3 a4 15. Be2
Bc8 16. O-O g6 17. e4 g5 18. Bg3 Nb3 19. Rad1 Bd7 20. h4 Kg7 21. Qd3 Nh7 22. hxg5
hxg5 23. Qe3 Rh8 24. Bd3 Nf8 25. Ne2 Ng6 26. Bc2 Nc5 27. Nc3 Rh7 28. f3 Qf6 29.
Kf2 Rah8 30. Qc1 Nf4 31. Bxf4 gxf4 32. Rh1 Rh2 33. Rxh2 Rxh2 34. Rg1 Qg5 35. Kf1
Kf8 36. Qe1 Qh5 37. Qf2 Bh3 38. Nxa4 Nd7 39. b4 Nf6 40. Nc3 Qg6 41. a4 Nh5 42.
Ne2 Qg5 43. a5 bxa5 44. bxa5 Ng3+ 45. Nxg3 fxg3 46. Qe2 Qc1+ 47. Bd1 Qc3 48. a6
Qd4 49. c5 Bxg2+ 50. Ke1 Qxg1+ 51. Kd2 Qxc5 0-1

[Event "DRUZYNOWE MISTRZOSTWA POLSKI JUNIOROW - II LIGA"]
[Site "Szczyrk, CKiR Orle Gniazdo ul. Wrzosowa 28a"]
[Date "2014-08-01"]
[Round "10.9"]
[White "Nowak, Mikolaj"]
[Black "Belczewski, Jacek"]
[Result "1-0"]
[WhiteTitle "I"]
[BlackTitle "I"]
[WhiteElo "1717"]
[BlackElo "1753"]

1. e4 e6 2. d4 d5 3. Nd2 Nf6 4. Bd3 Be7 5. Ngf3 dxe4 6. Nxe4 Nbd7 7. Qe2 b6 8.
O-O Bb7 9. Bg5 O-O 10. c3 Nxe4 11. Bxe7 Nxc3 12. Bxh7+ Kh8 13. bxc3 Qxe7 14. Be4
Bxe4 15. Qxe4 g6 16. Ne5 Nxe5 17. Qxe5+ f6 18. Qe4 Kg7 19. Rae1 Rae8 20. f4 Qd7
21. Rf2 Kf7 22. Rfe2 c6 23. h3 Re7 24. g4 f5 25. Qd3 Rh8 26. Re5 Kf8 27. Kg2 Kf7
28. Qc4 fxg4 29. hxg4 Qe8 30. Rg5 Qf8 31. Rxe6 Rxe6 32. f5 Qd6 33. Qxe6+ Qxe6
34. fxe6+ Kxe6 35. Rxg6+ Kd5 36. g5 c5 37. dxc5 bxc5 38. Rf6 Rg8 39. Rf5+ Kc4
40. Kg3 a5 41. Kg4 a4 42. Rf3 Kd5 43. Rf4 c4 44. Rd4+ Kc5 45. Rd2 Re8 46. g6 Re3
47. g7 Re1 48. Rg2 Re8 49. Kf5 Rg8 50. Kf6 Kd5 51. Rg4 Ra8 52. g8=Q+ Rxg8 53.
Rxg8 Ke4 54. Rd8 Ke3 55. Rd4 1-0

[Event "DRUZYNOWE MISTRZOSTWA POLSKI JUNIOROW - II LIGA"]
[Site "Szczyrk, CKiR Orle Gniazdo ul. Wrzosowa 28a"]
[Date "2014-08-01"]
[Round "10.10"]
[White "Lipiak, Mateusz"]
[Black "Dembinski, Bartosz"]
[Result "1-0"]
[WhiteTitle "I"]
[BlackTitle "II"]
[WhiteElo "1541"]
[BlackElo "1261"]

1. e4 e5 2. Nf3 Nc6 3. Bb5 Bc5 4. O-O Nd4 5. Nxd4 exd4 6. d3 c6 7. Ba4 Nf6 8. Bg5
d6 9. f4 h6 10. Bh4 Qc7 11. Qf3 Bd7 12. Re1 Bb4 13. c3 dxc3 14. bxc3 Ba5 15. Bb3
Bb6+ 16. Kh1 Be6 17. Nd2 Kd7 18. Bd1 d5 19. f5 dxe4 20. fxe6+ fxe6 21. Nxe4 Nxe4
22. Qf7+ Kd6 23. Qxc7+ Kxc7 24. Rxe4 Rhf8 25. Bf3 Ba5 26. Rc1 Rf7 27. Rxe6 Rd7
28. Bg3+ Kb6 29. d4 a6 30. Kg1 Rf8 31. d5 Ka7 32. Bf2+ Ka8 33. dxc6 bxc6 34. Bxc6+
1-0

[Event "DRUZYNOWE MISTRZOSTWA POLSKI JUNIOROW - II LIGA"]
[Site "Szczyrk, CKiR Orle Gniazdo ul. Wrzosowa 28a"]
[Date "2014-08-01"]
[Round "10.11"]
[White "Glapa, Anna"]
[Black "Olechnicka, Karolina"]
[Result "0-1"]
[WhiteTitle "I++"]
[BlackTitle "I++"]
[WhiteElo "1680"]
[BlackElo "1723"]

1. e4 c5 2. Nf3 d6 3. d4 cxd4 4. Nxd4 Nf6 5. Nc3 a6 6. Be2 e6 7. O-O Be7 8. f4
O-O 9. Kh1 Qc7 10. Bf3 Nc6 11. Nxc6 bxc6 12. Qe1 d5 13. g4 Bb4 14. e5 Ne4 15.
Bxe4 dxe4 16. Bd2 c5 17. a3 e3 18. Qxe3 Bb7+ 19. Kg1 Qc6 20. Qe4 Bxc3 21. Qxc6
Bd4+ 22. Kg2 Bxc6+ 23. Kg3 Bxb2 24. Ra2 Rab8 25. Rb1 Bxe5 26. Rxb8 Bxb8 27. Be3
g5 28. h4 gxf4+ 29. Bxf4 Bxf4+ 30. Kxf4 Rb8 31. c4 Rb3 32. Ke5 Rg3 33. Kd6 Ba4
34. g5 Bb3 35. Rb2 Bxc4 36. Rb8+ Kg7 37. Kxc5 Bb5 38. Rd8 Rc3+ 39. Kb4 Rc4+ 40.
Ka5 Rxh4 41. Rd6 h6 42. gxh6+ Kxh6 43. Rd8 e5 44. Rd6+ Kg5 45. Rd5 f6 46. Rc5
Ra4+ 47. Kb6 Rxa3 48. Rd5 Kf4 49. Rd6 f5 50. Kc5 e4 51. Kb4 Rd3 52. Rh6 e3 53.
Ka5 e2 54. Re6 Re3 55. Rxe3 Kxe3 0-1

[Event "DRUZYNOWE MISTRZOSTWA POLSKI JUNIOROW - II LIGA"]
[Site "Szczyrk, CKiR Orle Gniazdo ul. Wrzosowa 28a"]
[Date "2014-08-01"]
[Round "10.12"]
[White "Zalewska, Katarzyna"]
[Black "Tomczak, Marta"]
[Result "1-0"]
[WhiteTitle "I"]
[BlackTitle "II"]
[WhiteElo "1360"]
[BlackElo "1293"]

1. d4 d5 2. c4 c6 3. cxd5 cxd5 4. Nc3 Bf5 5. Bf4 Nc6 6. e3 Nf6 7. Qb3 Qd7 8. Nf3
e6 9. Ne5 Nxe5 10. dxe5 Qc8 11. exf6 gxf6 12. Bb5+ Kd8 13. O-O a6 14. Be2 Qc6
15. Rac1 Qd7 16. Na4 Qe7 17. Nb6 e5 18. Qxd5+ Qd6 19. Qxd6+ Bxd6 20. Nxa8 exf4
21. exf4 Bxf4 22. Rc5 Be5 23. Rd1+ Ke7 24. Nb6 Be6 25. Nc4 b5 26. Nxe5 fxe5 27.
Rxe5 Rc8 28. Bg4 Kf6 29. Bxe6 fxe6 30. Re2 h6 31. Red2 b4 32. Rd6 a5 33. Re1 Kf7
34. Rdxe6 Rc2 35. R6e2 Rc6 36. f4 a4 37. Re4 Rb6 38. a3 bxa3 39. bxa3 Ra6 40.
Rb4 1-0

[Event "DRUZYNOWE MISTRZOSTWA POLSKI JUNIOROW - II LIGA"]
[Site "Szczyrk, CKiR Orle Gniazdo ul. Wrzosowa 28a"]
[Date "2014-08-01"]
[Round "10.13"]
[White "Knapik, Andrzej"]
[Black "Teclaf, Pawel"]
[Result "1-0"]
[WhiteTitle "I"]
[BlackTitle "CM"]
[WhiteElo "1922"]
[BlackElo "1979"]

1. e4 c5 2. Nc3 a6 3. f4 b5 4. Nf3 Bb7 5. d3 e6 6. g3 d5 7. Qe2 Nf6 8. e5 d4 9.
Nd1 Nd5 10. Bg2 Nc6 11. O-O Be7 12. Nf2 Qb6 13. Kh1 O-O-O 14. Bd2 Rde8 15. Ne4
f5 16. exf6 gxf6 17. c4 bxc4 18. dxc4 Nc7 19. Rab1 f5 20. Nf2 Bf6 21. Nd3 a5 22.
b3 Nb4 23. a3 Nxd3 24. Qxd3 Be4 25. Qe2 e5 26. fxe5 Bxe5 27. Rbe1 Qxb3 28. Nxe5
Rxe5 29. Bxe4 Rxe4 30. Qh5 Rxe1 31. Rxe1 Qxc4 32. Qxf5+ Kb8 33. Bf4 Kb7 34. Bxc7
Rc8 35. Bf4 Qa6 36. Qxh7+ Ka8 37. Qe4+ Ka7 38. Qd5 Qb5 39. h4 Qb7 40. Qxb7+ Kxb7
41. Rd1 Kc6 42. h5 Kd5 43. Kg2 c4 44. h6 c3 45. Kf3 Kc4 46. g4 d3 47. g5 Rf8 48.
Kg3 c2 49. Rc1 Kc3 50. h7 Kb2 51. Bd2 Kxa3 52. g6 1-0

[Event "DRUZYNOWE MISTRZOSTWA POLSKI JUNIOROW - II LIGA"]
[Site "Szczyrk, CKiR Orle Gniazdo ul. Wrzosowa 28a"]
[Date "2014-08-01"]
[Round "10.14"]
[White "Krawiec, Grzegorz"]
[Black "Adamczyk, Pawel"]
[Result "0-1"]
[WhiteTitle "II"]
[BlackTitle "II+"]
[WhiteElo "1564"]
[BlackElo "1746"]

1. e4 c5 2. Nf3 e6 3. d4 cxd4 4. Nxd4 Nf6 5. Nc3 Nc6 6. Ndb5 Bb4 7. Bf4 Nxe4 8.
Qf3 d5 9. O-O-O Bxc3 10. Nc7+ Kf8 11. bxc3 e5 12. Nxd5 f5 13. Be3 Qa5 14. Bc4
Qa3+ 15. Kb1 Be6 16. g4 Ne7 17. gxf5 Bxd5 18. Rxd5 Nxc3+ 19. Ka1 Nexd5 20. f6
gxf6 21. Bxd5 Nxd5 22. Qxd5 Qc3+ 23. Kb1 Qc6 24. Qd1 Ke7 25. Rg1 Rhg8 26. Rxg8
Rxg8 27. Qh5 Qb5+ 28. Kc1 Rg1+ 29. Kd2 Qb4+ 30. c3 Qb2+ 31. Kd3 Qb1+ 32. Kc4 Qe4+
33. Bd4 exd4 34. Qc5+ Kf7 35. Qd5+ Qxd5+ 0-1

[Event "DRUZYNOWE MISTRZOSTWA POLSKI JUNIOROW - II LIGA"]
[Site "Szczyrk, CKiR Orle Gniazdo ul. Wrzosowa 28a"]
[Date "2014-08-01"]
[Round "10.15"]
[White "Pniaczek, Marek"]
[Black "Lewandowski, Wiktor"]
[Result "1-0"]
[WhiteTitle "II+"]
[BlackTitle "II"]
[WhiteElo "1585"]
[BlackElo "1357"]

1. e4 c5 2. Nf3 e6 3. d4 cxd4 4. Nxd4 Nf6 5. Nc3 Qb6 6. Nb3 Bb4 7. Bd3 Bxc3+ 8.
bxc3 d6 9. Qe2 O-O 10. O-O Nbd7 11. Be3 Qc7 12. Rfd1 d5 13. exd5 Nxd5 14. Bd2
Nxc3 15. Bxh7+ Kxh7 16. Qd3+ Kg8 17. Bxc3 Nb6 18. Qd2 Nd5 19. Bxg7 Kxg7 20. Qg5+
Kh8 21. Rd4 Qxc2 22. Qh6+ Kg8 23. Rg4+ Qg6 24. Rxg6+ fxg6 25. Qxg6+ Kh8 26. Re1
Nf4 27. Qh6+ Kg8 28. Qg5+ Kh7 29. Qe7+ Kg8 30. Re3 Rf5 31. Rg3+ Kh8 32. Qg7# 1-0

[Event "DRUZYNOWE MISTRZOSTWA POLSKI JUNIOROW - II LIGA"]
[Site "Szczyrk, CKiR Orle Gniazdo ul. Wrzosowa 28a"]
[Date "2014-08-01"]
[Round "10.16"]
[White "Fiedorek, Michal"]
[Black "Kucharska, Honorata"]
[Result "0-1"]
[WhiteTitle "II"]
[BlackTitle "I+"]
[WhiteElo "1405"]
[BlackElo "1718"]

1. e4 e6 2. Nf3 d5 3. Nc3 d4 4. Ne2 c5 5. c3 Nc6 6. cxd4 cxd4 7. Qa4 Bc5 8. d3
Nge7 9. Ng3 Bd7 10. Qd1 Rc8 11. a3 a5 12. Be2 O-O 13. O-O Ng6 14. Qb3 b6 15. Bd2
f6 16. Ne1 Kh8 17. f4 Qe7 18. Bh5 Nb8 19. Bxg6 hxg6 20. Qd1 Kg8 21. Qg4 f5 22.
Qxg6 Rf6 23. Qg5 fxe4 24. Nxe4 Rf7 25. Qxe7 Bxe7 26. Rc1 Nc6 27. Nf3 Rf5 28. Rc4
b5 29. Rc2 Rcf8 30. g3 Rd5 31. Neg5 b4 32. a4 e5 33. Re1 Bf6 34. Ne4 exf4 35.
Bxf4 Be5 36. Nxe5 Nxe5 37. Bxe5 Rxe5 38. Rc5 Rfe8 39. Rxe5 Rxe5 40. b3 Be6 41.
Rb1 Bd5 42. Nf2 Re2 43. Kf1 Rc2 44. Ke1 Rc3 45. Kd2 Bxb3 46. Ne4 Rc2+ 47. Ke1
Ba2 48. Ra1 b3 49. Nd2 b2 0-1

[Event "DRUZYNOWE MISTRZOSTWA POLSKI JUNIOROW - II LIGA"]
[Site "Szczyrk, CKiR Orle Gniazdo ul. Wrzosowa 28a"]
[Date "2014-08-01"]
[Round "10.17"]
[White "Kasperek, Kinga"]
[Black "Maciak, Gabriela"]
[Result "1/2-1/2"]
[WhiteTitle "I"]
[BlackTitle "II"]
[WhiteElo "1559"]
[BlackElo "1385"]

1. e4 c5 2. Nc3 a6 3. f4 e6 4. Nf3 d5 5. d3 Nf6 6. g3 b5 7. e5 Nfd7 8. Bg2 Bb7
9. O-O Be7 10. Qe1 O-O 11. Bd2 Nc6 12. Ne2 f6 13. exf6 Rxf6 14. g4 Qe8 15. Ng3
Bd6 16. Nh5 Rf8 17. Ng5 Nd8 18. Bc3 Nf6 19. Qh4 Nxh5 20. gxh5 h6 21. Nh3 Rf5 22.
Qg4 d4 23. Bd2 Qxh5 24. Qxh5 Rxh5 25. Rae1 Bxg2 26. Kxg2 Kf7 27. Nf2 Ra7 28. Ne4
Bf8 29. Ba5 Nb7 30. Bb6 Ra8 31. Bc7 Rd5 32. Be5 Rad8 33. Kf3 Nd6 34. Rg1 Nf5 35.
Re2 Nh4+ 36. Kg4 Ng6 37. Bc7 R8d7 38. Ba5 Rf5 39. Bd2 Ne7 40. Rge1 Rfd5 41. Ng3
R5d6 42. Ne4 Rc6 43. Rf1 Nf5 44. Ng3 g6 45. Re5 Bg7 46. Re2 Rd5 47. Rfe1 Ne7 48.
Ne4 Nf5 49. Ng3 Nd6 50. Rf1 Nf5 51. Rfe1 Ne7 52. Rf2 Nf5 53. Rfe2 Ne7 1/2-1/2

[Event "DRUZYNOWE MISTRZOSTWA POLSKI JUNIOROW - II LIGA"]
[Site "Szczyrk, CKiR Orle Gniazdo ul. Wrzosowa 28a"]
[Date "2014-08-01"]
[Round "10.18"]
[White "Karykowska, Anna"]
[Black "Pyzio, Amelia"]
[Result "1-0"]
[WhiteTitle "I+"]
[BlackTitle "I"]
[WhiteElo "1528"]
[BlackElo "1370"]

1. e4 e6 2. Nf3 d5 3. Nc3 d4 4. Ne2 c5 5. c3 Nf6 6. e5 Nfd7 7. cxd4 cxd4 8. Qa4
Nc6 9. Nexd4 Nxd4 10. Qxd4 Bc5 11. Qg4 O-O 12. Bd3 Re8 13. O-O b6 14. Qe4 Rb8
15. Qxh7+ Kf8 16. Qh8+ Ke7 17. Qxg7 Rg8 18. Qh6 Qf8 19. Qxf8+ Kxf8 20. Be4 f5
21. Bc6 Ke7 22. d4 Bxd4 23. Nxd4 Nxe5 24. Bf4 Ba6 25. Rfe1 Rbc8 26. Bxe5 1-0

[Event "DRUZYNOWE MISTRZOSTWA POLSKI JUNIOROW - II LIGA"]
[Site "Szczyrk, CKiR Orle Gniazdo ul. Wrzosowa 28a"]
[Date "2014-08-01"]
[Round "10.19"]
[White "Klimek, Piotr"]
[Black "Madej, Roman"]
[Result "0-1"]
[WhiteTitle "I"]
[BlackTitle "I"]
[WhiteElo "1839"]
[BlackElo "1756"]

1. e4 c6 2. d4 d5 3. f3 e6 4. Nc3 Bb4 5. Bf4 Nd7 6. Qd3 Ne7 7. Nge2 Ng6 8. Bg3
dxe4 9. fxe4 e5 10. O-O-O O-O 11. Kb1 exd4 12. Nxd4 Nde5 13. Bxe5 Nxe5 14. Qg3
Bxc3 15. Qxc3 Bg4 16. Rd2 Qg5 17. Bd3 Rad8 18. Rf2 Qe3 19. Rf5 Nxd3 0-1

[Event "DRUZYNOWE MISTRZOSTWA POLSKI JUNIOROW - II LIGA"]
[Site "Szczyrk, CKiR Orle Gniazdo ul. Wrzosowa 28a"]
[Date "2014-08-01"]
[Round "10.21"]
[White "Raclawicki, Kacper"]
[Black "Golenia, Wojciech"]
[Result "1-0"]
[WhiteTitle "I"]
[BlackTitle "II+"]
[WhiteElo "1540"]
[BlackElo "1700"]

1. e4 c5 2. Nf3 Nc6 3. d4 cxd4 4. Nxd4 Nf6 5. Nxc6 bxc6 6. Bd3 e5 7. c4 Bc5 8.
O-O O-O 9. Nc3 Rb8 10. Kh1 d5 11. exd5 Ng4 12. Ne4 Qh4 13. h3 Bxf2 14. Bg5 Qh5
15. Qd2 h6 16. Nxf2 Nxf2+ 17. Rxf2 hxg5 18. d6 g4 19. Qe3 Rb7 20. c5 g6 21. Re1
Re8 22. Ba6 gxh3 23. gxh3 Rd7 24. Bxc8 Rxc8 25. Qxe5 Qxh3+ 26. Rh2 Qf3+ 27. Kg1
Qg4+ 28. Kf2 f6 29. Qxf6 Qf5+ 30. Qxf5 gxf5 31. Reh1 Rcd8 32. Kf3 Kf7 33. Rh6
Rb8 34. Rh7+ Ke6 35. Re1+ Kd5 36. Rxd7 a5 37. Ra7 a4 38. d7 Rd8 39. Re8 1-0

[Event "DRUZYNOWE MISTRZOSTWA POLSKI JUNIOROW - II LIGA"]
[Site "Szczyrk, CKiR Orle Gniazdo ul. Wrzosowa 28a"]
[Date "2014-08-01"]
[Round "10.22"]
[White "Gawor, Jan Pawel"]
[Black "Paliszewski, Dominik"]
[Result "1/2-1/2"]
[WhiteTitle "II"]
[BlackTitle "II"]
[WhiteElo "1551"]
[BlackElo "1621"]

1. e4 c6 2. d4 d5 3. Nc3 dxe4 4. Nxe4 Bf5 5. Ng3 Bg6 6. h4 h6 7. h5 Bh7 8. Nf3
Nd7 9. Bd3 Bxd3 10. Qxd3 Qc7 11. Bd2 e6 12. O-O-O O-O-O 13. c4 Ngf6 14. Bc3 Bd6
15. Ne4 Nxe4 16. Qxe4 Nf6 17. Qe2 Rhe8 18. Ne5 Re7 19. Kb1 Nd7 20. g3 Bxe5 21.
dxe5 Nb6 22. Ba5 c5 23. Bxb6 Qxb6 24. Rxd8+ Qxd8 25. Rd1 Rd7 26. Rxd7 Qxd7 27.
b3 Qd4 28. Kc2 Qa1 29. Kd3 Kc7 30. f4 Qg1 31. Qe3 Qb1+ 32. Kc3 Qa1+ 33. Kd3 b6
34. Qd2 Qg1 35. Kc2 Qxg3 36. Qd6+ Kb7 37. Qd7+ Ka6 38. Qb5+ Kb7 39. Qd7+ Ka6 40.
Qb5+ Kb7 41. Qd7+ Ka6 42. Qc8+ Ka5 43. Qb7 a6 44. Qc6 Qf2+ 45. Kd3 Qf1+ 46. Ke3
Qe1+ 47. Kd3 Qd1+ 48. Kc3 Qc1+ 1/2-1/2

[Event "DRUZYNOWE MISTRZOSTWA POLSKI JUNIOROW - II LIGA"]
[Site "Szczyrk, CKiR Orle Gniazdo ul. Wrzosowa 28a"]
[Date "2014-08-01"]
[Round "10.23"]
[White "Kopica, Paulina"]
[Black "Tracz, Marcelina"]
[Result "0-1"]
[WhiteTitle "I"]
[BlackTitle "I++"]
[WhiteElo "1697"]
[BlackElo "1760"]

1. e4 e5 2. d4 exd4 3. Nf3 Nc6 4. Bc4 Nf6 5. e5 d5 6. Bb5 Ne4 7. Nxd4 Bd7 8. Bxc6
bxc6 9. O-O Bc5 10. f3 Ng5 11. f4 Ne4 12. Be3 Qe7 13. Nd2 Nxd2 14. Qxd2 O-O 15.
Nb3 Bxe3+ 16. Qxe3 f6 17. Qc5 Rfe8 18. Qxe7 Rxe7 19. exf6 gxf6 20. Rfe1 Kf7 21.
Nc5 Rb8 22. b3 Rb5 23. Na6 Ra5 24. Nb4 Rc5 25. Rxe7+ Kxe7 26. Rc1 Rc3 27. Re1+
Kd6 28. Re2 Bf5 29. Rd2 a5 30. Nd3 Bxd3 31. cxd3 Kc5 32. Kf2 Kd4 33. Ke2 Rc1 34.
g4 h6 35. Kf3 Rf1+ 36. Kg3 Ke3 37. Rc2 Rf3+ 38. Kh4 Rxf4 39. Rxc6 Kxd3 40. Rc5
d4 41. Rxa5 Ke3 42. Rd5 d3 43. Kg3 Rd4 44. Rf5 d2 45. Rf3+ Ke4 46. Rf4+ Ke5 47.
Rf5+ Ke6 0-1

[Event "DRUZYNOWE MISTRZOSTWA POLSKI JUNIOROW - II LIGA"]
[Site "Szczyrk, CKiR Orle Gniazdo ul. Wrzosowa 28a"]
[Date "2014-08-01"]
[Round "10.24"]
[White "Debowska, Michalina"]
[Black "Trusz, Julia"]
[Result "1/2-1/2"]
[WhiteTitle "II"]
[BlackTitle "I"]
[WhiteElo "1453"]
[BlackElo "1508"]

1. e4 c5 2. Nf3 d6 3. d4 cxd4 4. Nxd4 Nf6 5. Nc3 g6 6. Be3 Bg7 7. Be2 O-O 8. O-O
Nc6 9. Qd2 Bd7 10. f4 a6 11. Kh1 b5 12. a3 Rc8 13. Bf3 Na5 14. Be2 Nc4 15. Bxc4
Rxc4 16. b3 Rc8 17. Rac1 Re8 18. Nde2 Bc6 19. Ng3 Qc7 20. Nd5 Qb7 21. c4 bxc4
22. bxc4 Bxd5 23. cxd5 Ng4 24. Bd4 Bxd4 25. Qxd4 Rxc1 26. Rxc1 Rc8 27. Rxc8+ Qxc8
28. Qd2 Qc5 29. h3 Nf6 30. Qd3 Qa5 31. Kh2 Nd7 32. Ne2 Nc5 33. Qe3 Qe1 34. Qf3
Qb1 35. e5 Qd3 36. Qxd3 Nxd3 37. exd6 exd6 38. Kg3 Nb2 39. Nc3 Nc4 40. a4 Kf8
41. Kf3 Ke7 42. Ke4 Kd7 43. Kd4 Na5 44. Ne4 Ke7 45. Nc3 Kd7 46. Ne4 Ke7 47. Nc3
f5 48. Kd3 Kd7 49. Ne2 Nb7 50. Kc4 Nc5 51. Kb4 Kc7 52. a5 Kd7 53. Kc4 Nb7 54.
Kb4 Nc5 55. Kc4 Ne4 56. Nd4 Nc5 57. Ne2 1/2-1/2

[Event "DRUZYNOWE MISTRZOSTWA POLSKI JUNIOROW - II LIGA"]
[Site "Szczyrk, CKiR Orle Gniazdo ul. Wrzosowa 28a"]
[Date "2014-08-01"]
[Round "10.25"]
[White "Ziabek, Patryk"]
[Black "Kyc, Jerzy"]
[Result "1-0"]
[WhiteTitle "I"]
[BlackTitle "I++"]
[WhiteElo "1896"]
[BlackElo "2096"]

1. e4 c5 2. Nf3 d6 3. d4 cxd4 4. Nxd4 Nf6 5. Nc3 a6 6. Bg5 Nbd7 7. Qe2 Qc7 8. O-O-O
e6 9. f4 Be7 10. g4 b5 11. Bg2 Rb8 12. h4 b4 13. Nd5 exd5 14. exd5 Kf8 15. Nc6
Bd8 16. Nxb8 Nxb8 17. Bxf6 Bxf6 18. g5 Bd8 19. Rde1 Bd7 20. f5 Bb5 21. Qd2 a5
22. h5 f6 23. h6 fxg5 24. hxg7+ Kxg7 25. Re6 Qc5 26. Bf3 Nd7 27. f6+ Bxf6 28.
Rxf6 Kxf6 29. Rh6+ Kf5 30. Qe1 g4 31. Qe6+ Kg5 32. Bxg4 Rf8 33. Bd1 Nf6 34. Rh3
Qf2 35. Rf3 Qd4 36. Rg3+ Kf4 37. Rf3+ Kg5 38. Rg3+ Kf4 39. Rf3+ Kg5 40. Qh3 h5
41. Rf5+ Kh6 42. Bxh5 Qg1+ 43. Bd1+ Kg7 44. Rf3 Qd4 45. Rg3+ Kf7 46. Qe6# 1-0